|
|
|
|
| LEADER |
00804naa a2200193 i 4500 |
| 001 |
acta60845 |
| 005 |
20260224081030.0 |
| 008 |
190829s2012 hu o 100 hun d |
| 040 |
|
|
|a SZTE Egyetemi Kiadványok Repozitórium
|b hun
|
| 041 |
|
|
|a hun
|
| 100 |
1 |
|
|a Kinyó László
|
| 245 |
1 |
0 |
|a 7. és 11. évfolyamos tanulók társadalomismereti és állampolgári tudása a dél-alföldi régióban
|h [elektronikus dokumentum] /
|c Kinyó László
|
| 260 |
|
|
|c 2012
|
| 300 |
|
|
|a 101
|
| 490 |
0 |
|
|a Pedagógiai Értékelési Konferencia
|v 10
|
| 695 |
|
|
|a Társadalomismereti nevelés - Magyarország - regionális, előadáskivonat
|
| 700 |
0 |
1 |
|a Tóth Edit
|e aut
|
| 710 |
|
|
|a Pedagógiai Értékelési Konferencia (10.) (2012) (Szeged)
|
| 856 |
4 |
0 |
|u http://acta.bibl.u-szeged.hu/60845/1/pek_2012_101.pdf
|z Dokumentum-elérés
|